| 000 | 00716nam a22002057a 4500 | ||
|---|---|---|---|
| 999 |
_c6231 _d6231 |
||
| 003 | AR-CdUCM | ||
| 008 | 190314b ||||| |||| 00| 0 spa d | ||
| 040 |
_aMUNICIPALIDAD PROVINCIAL DEL CUSCO _cBIBLIOTECA MUNICIPAL DEL CUSCO |
||
| 082 |
_a802.8 / _bP61 |
||
| 100 |
_aPirandello, Luis _917953 |
||
| 245 |
_aSeis Personajes en Busca de Autor : _bTeatro por leer / |
||
| 260 |
_aBuenos Aires : _bCondor, _c1927. |
||
| 300 |
_a157 páginas ; _c19 cm. |
||
| 500 | _aDonación de la familia Nieto | ||
| 505 | _aContenido: El primer actor -- El director de escena -- La hijastra ... | ||
| 650 |
_aTeatro contemporáneo _917954 |
||
| 700 |
_aDonato Chiacchio (traducctor) _917955 |
||
| 942 |
_2ddc _cLIBROS |
||
| 945 | _aAndy | ||